| 000 | 00000nam 2200000za 4500 |
| 001 | 9.695695 |
| 003 | CaOODSP |
| 005 | 20230202144025 |
| 007 | cr ||||||||||| |
| 008 | 150407s1994 bcc|||||o f|0| 0 eng d |
| 040 | |aCaOODSP|beng |
| 043 | |an-cn--- |
| 086 | 1 |aH72-21/103-1994E-PDF |
| 110 | 2 |aNational Clearinghouse on Family Violence (Canada). |
| 245 | 11|a[When your partner has been sexually abused] |h[electronic resource] : |b[a guide for partners]. |
| 260 | |aVancouver : |bHealth Canada, |cc1994. |
| 300 | |a19 p. : |breferences. |
| 500 | |aThe catalogue number (H72-21/103-1994) and ISBN (0-662-61002-4) for the bilingual print edition have been incorrectly copied in this electronic publication. |
| 590 | |a12-13-Supp|b2012-04-03 |
| 775 | 08|t[Lorsque votre conjoint ou conjointe a été victime de violence sexuelle] |w(CaOODSP)9.639824 |
| 794 | |tWhen your partner was sexually abused as a child |w(CaOODSP)9.690926 |
| 856 | 40|ahttp://publications.gc.ca|qPDF|s1021 KB|uhttps://publications.gc.ca/collections/Collection/H72-21-103-1994E.pdf |